1064 1057 1603 1017 1844 1048 1831 1149 1110 1408 1096 1655 1250 1650 1856 1163 1998 1964 1836 1740 1646 1431 1131 1017 1622 1231 1815 1394 1287 1059 1313 1063 1442 1911 1006 1958 1439 1129 1969 1814 1572 1308 1931 1451 1745 1360 1733 1368 1450 1453 1930 1109 1799 1940 1384 1357 1798 1342 1367 1946 1303 1170 1729 1211 1818 1636 1075 1115 1983 1641 1809 1322 1664 1334 1457 1143 1585 1796 1853 1493 1673 1417 1874 1622 1587 1222 1261 1001 1209 1957 1615 1426 1414 1514 1229 1936 1136 1650 1885 BCNSPRNW ULIB Ver.6.0+V

เปลี่ยนเป็นภาษาไทย

Change to English
 แสดงรายละเอียดบรรณานุกรม
  กลับหน้าหลัก

Brief Record : Get Marc (ISO 2709) : E-mail record : QR code < ปิดหน้าต่าง
LEADER : 00000nam 2200000uu 4500
001    13399120759
003     ULIB
008    121015s2553||||th 000 0 tha d
020    ^a9789742128890
090    ^aรส.^bอ976ป
100 0  ^ajames M.Barrie
245 00 ^aปีเตอร์แพนแห่งแดนมหัศจรรย์/^cjames M.Barrie
250    ^aพิมพ์ครั้งที่ 1
260    ^aกรุงเทพฯ :^bซีเอ็ดยูเคชั่น,^c2553
300    ^a108 หน้า
710 1  ^aซีเอ็ดยูเคชั่น
945    ^p130^l0^i028960
995    ^aวิภา
999 ^a ใช้งานได้ทุกระบบ
รายการนี้ยังไม่มีแท็ก
คุณยังไม่ได้ล็อกอิน คุณสามารถมีกิจกรรมร่วมกับเว็บไซต์ได้ แต่ต้องล็อกอินก่อน ::
  ล็อกอิน

รายการสื่อสารสนเทศ

ลำดับที่ ประเภท เลขเรียก/บาร์โค้ด สถานที่ สถานะ
1. วิทยาศาสตร์การแพทย์ และสุขภาพ
วิทยาศาสตร์การแพทย์ และสุขภาพ
รส. อ976ป  
  Barcode: 028960
ห้องสมุดวิทยาเขตสวรรค์ประชารักษ์
►นวนิยาย
บนชั้น
  ขอยืม

BibComment


ยังไม่เคยถูกคอมเมนท์

คอมเมนท์ทรัพยากรรายการนี้
  คอมเมนท์: ปีเตอร์แพนแห่งแด..

สมาชิกที่บันทึกรายการนี้ไว้ในรายการโปรด
นางสาวนุชศรา พรมชัย

 Copyright 2026. Bcnsprnw @Library